|
|
|
|
| LEADER |
01674nam a2200445 a 4500 |
| 001 |
EBC589908 |
| 003 |
MiAaPQ |
| 005 |
20200520144314.0 |
| 006 |
m o d | |
| 007 |
cr cn||||||||| |
| 008 |
091119s2010 flua sb 001 0 eng |
| 010 |
|
|
|z 2009045581
|
| 015 |
|
|
|a GBA9A6577
|2 bnb
|
| 016 |
7 |
|
|z 015409022
|2 Uk
|
| 020 |
|
|
|z 9781420076189 (hardcover : alk. paper)
|
| 020 |
|
|
|z 1420076183 (hardcover : alk. paper)
|
| 035 |
|
|
|a (MiAaPQ)EBC589908
|
| 035 |
|
|
|a (Au-PeEL)EBL589908
|
| 035 |
|
|
|a (CaPaEBR)ebr10419883
|
| 035 |
|
|
|a (CaONFJC)MIL290237
|
| 035 |
|
|
|a (OCoLC)666038387
|
| 040 |
|
|
|a MiAaPQ
|c MiAaPQ
|d MiAaPQ
|
| 050 |
|
4 |
|a HF5691
|b .K713 2010
|
| 082 |
0 |
4 |
|a 518/.282
|2 22
|
| 100 |
1 |
|
|a Korn, Ralf.
|
| 245 |
1 |
0 |
|a Monte Carlo methods and models in finance and insurance
|h [electronic resource] /
|c Ralf Korn, Elke Korn, Gerald Kroisandt.
|
| 260 |
|
|
|a Boca Raton, FL :
|b CRC Press/Taylor & Francis,
|c c2010.
|
| 300 |
|
|
|a xiii, 470 p. :
|b ill.
|
| 490 |
1 |
|
|a Chapman & Hall/CRC financial mathematics series
|
| 504 |
|
|
|a Includes bibliographical references (p. 441-457) and index.
|
| 533 |
|
|
|a Electronic reproduction. Ann Arbor, MI : ProQuest, 2015. Available via World Wide Web. Access may be limited to ProQuest affiliated libraries.
|
| 650 |
|
0 |
|a Business mathematics.
|
| 650 |
|
0 |
|a Insurance
|x Mathematics.
|
| 650 |
|
0 |
|a Monte Carlo method.
|
| 655 |
|
4 |
|a Electronic books.
|
| 700 |
1 |
|
|a Korn, Elke,
|d 1962-
|
| 700 |
1 |
|
|a Kroisandt, Gerald.
|
| 710 |
2 |
|
|a ProQuest (Firm)
|
| 830 |
|
0 |
|a Chapman & Hall/CRC financial mathematics series.
|
| 856 |
4 |
0 |
|u https://ebookcentral.proquest.com/lib/matrademy/detail.action?docID=589908
|z Click to View
|